| 000 | 01044nam a2200241Ia 4500 | ||
|---|---|---|---|
| 003 | Ost | ||
| 005 | 20260507075650.0 | ||
| 008 | 260507s9999||||xx |||||||||||||| ||und|| | ||
| 020 | _a1508119957 | ||
| 040 | _cfsecg | ||
| 041 | _aara | ||
| 082 | _a658.4012 | ||
| 100 |
_aالركابي، كاظم نزار _eمؤلف |
||
| 245 | 0 |
_aالإدارة الإستراتيجية : _bالعولمة والمنافسة / _c كاظم نزار الركابي |
|
| 260 |
_aعمان: _bدار وائل للنشر والتوزيع, _c2004 |
||
| 300 |
_a379 صفحة؛ _bإيضاحات ؛ _c25 سم |
||
| 504 | _aالمراجع ص.357 | ||
| 520 | _aالإستراتيجية من العلوم العسكرية الى عصر العولمة- الإدارة الإستراتيجية- المنافسة- التفكير الإستراتيجي- النجاح الإستراتيجي وتقييم المنظمات في عصر العولمة. | ||
| 653 | _aإدارة الأعمال | ||
| 653 | _aالإدارة | ||
| 653 | _aالعولمة | ||
| 942 | _cكتاب | ||
| 999 |
_c45570 _d45570 |
||